[Event "CE Selecciones Autonómicas U14"]
[Site "Padrón"]
[Date "2017.06.22"]
[Round "1.1"]
[White "Clemente Chen, Alfredo"]
[Black "Yecora Entrena, Marcos"]
[Result "1/2-1/2"]
[WhiteElo "1870"]
[BlackElo "1398"]
[PlyCount "75"]
[EventDate "2017.06.22"]
[EventType ""]
[EventRounds "6"]
[EventCountry "ESP"]
[WhiteTeam "Andalucia (U14)"]
[BlackTeam "La Rioja (U14)"]
[WhiteTeamCountry "ESP"]
[BlackTeamCountry "ESP"]

1. e4 c5 2. Nf3 d6 3. Bb5+ Bd7 4. Bxd7+ Nxd7 5. O-O Ngf6 6. Re1 g6 7. c3 Bg7 8.
d4 cxd4 9. cxd4 e5 10. Nc3 O-O 11. Bg5 Re8 12. Qd2 Qb6 13. Rad1 Rad8 14. Nd5
Qc6 15. Rc1 Qa4 16. b3 Qa3 17. Rc4 b5 18. Rc6 Rc8 19. Nc7 Rxc7 20. Rxc7 exd4
21. Bxf6 Nxf6 22. Qxd4 Qxa2 23. Qd3 b4 24. Rc6 Ng4 25. Qc2 Qxc2 26. Rxc2 Ne5
27. Nxe5 Bxe5 28. Rd1 a5 29. Ra2 Ra8 30. Rd5 Rc8 31. f4 Bxf4 32. Rdxa5 Rc3 33.
Rb2 Re3 34. Ra8+ Kg7 35. Rc8 Rxe4 36. Rc4 d5 37. Rxe4 dxe4 38. Rc2 1/2-1/2

[Event "CE Selecciones Autonómicas U14"]
[Site "Padrón"]
[Date "2017.06.22"]
[Round "1.2"]
[White "Sainz Allo, Javier"]
[Black "Wang Qiu, Laura"]
[Result "0-1"]
[WhiteElo "1369"]
[BlackElo "1554"]
[PlyCount "72"]
[EventDate "2017.06.22"]
[EventType ""]
[EventRounds "6"]
[EventCountry "ESP"]
[WhiteTeam "La Rioja (U14)"]
[BlackTeam "Andalucia (U14)"]
[WhiteTeamCountry "ESP"]
[BlackTeamCountry "ESP"]

1. e4 d6 2. d4 Nf6 3. Nc3 c6 4. Nf3 g6 5. Be2 Bg7 6. O-O O-O 7. h3 Qc7 8. Be3
e5 9. Qd2 Re8 10. dxe5 dxe5 11. Rfd1 b5 12. a3 a5 13. Bc5 Nbd7 14. Bd6 Qb6 15.
Bd3 Re6 16. Bf1 Bb7 17. b4 axb4 18. axb4 Rxa1 19. Rxa1 Ne8 20. Bc5 Nxc5 21.
bxc5 Qxc5 22. Bd3 Rd6 23. Nd1 Nf6 24. Qe2 Nh5 25. Qe3 Qxe3 26. Nxe3 Nf4 27. Ra7
Rd7 28. Bf1 f6 29. c4 b4 30. c5 Bf8 31. Bc4+ Kg7 32. Ra5 Nd3 33. Bxd3 Rxd3 34.
Ra7 Rd7 35. Nd2 Bxc5 36. Nec4 Bxa7 0-1

[Event "CE Selecciones Autonómicas U14"]
[Site "Padrón"]
[Date "2017.06.22"]
[Round "1.3"]
[White "Castro Marquez, Andrea"]
[Black "Saenz Villalta, Celia"]
[Result "0-1"]
[WhiteElo "1531"]
[BlackElo "1275"]
[PlyCount "150"]
[EventDate "2017.06.22"]
[EventType ""]
[EventRounds "6"]
[EventCountry "ESP"]
[WhiteTeam "Andalucia (U14)"]
[BlackTeam "La Rioja (U14)"]
[WhiteTeamCountry "ESP"]
[BlackTeamCountry "ESP"]

1. d4 d5 2. c4 Nf6 3. Bg5 e6 4. e3 Be7 5. Nf3 Ne4 6. Bf4 Bd6 7. Bxd6 Qxd6 8.
Nc3 Qb4 9. Qa4+ Qxa4 10. Nxa4 Bd7 11. Nc3 Nxc3 12. bxc3 O-O 13. cxd5 exd5 14.
Bd3 Bg4 15. Ne5 Be6 16. O-O c6 17. c4 Nd7 18. Nxd7 Bxd7 19. cxd5 cxd5 20. Rfc1
Rac8 21. Rc5 Rxc5 22. dxc5 Rc8 23. Rb1 Rc7 24. h3 g6 25. e4 dxe4 26. Bxe4 Bc8
27. f3 Rxc5 28. Bxb7 Bxb7 29. Rxb7 Ra5 30. Rb2 Kg7 31. Kf2 Rd5 32. Ke3 Kf6 33.
g3 Ke6 34. Rd2 Rxd2 35. Kxd2 Kd5 36. Kd3 Ke5 37. Ke3 g5 38. f4+ gxf4+ 39. gxf4+
Kd5 40. Kd3 f5 41. a3 h5 42. a4 a6 43. a5 h4 44. Ke3 Kc5 45. Kd3 Kd5 46. Ke3
Kc4 47. Kf2 Kd4 48. Kf3 Kd3 49. Kf2 Ke4 50. Ke2 Kxf4 51. Kf2 Ke4 52. Ke2 f4 53.
Kf2 f3 54. Kf1 Ke3 55. Kg1 f2+ 56. Kh2 f1=B 57. Kg1 Bxh3 58. Kh2 Bg4 59. Kg1
Kd4 60. Kf1 Kc4 61. Kf2 Kb5 62. Ke3 Kxa5 63. Kf4 h3 64. Kg3 Be6 65. Kf2 Kb4 66.
Kg1 a5 67. Kf2 a4 68. Kf3 a3 69. Kg3 a2 70. Kh2 a1=Q 71. Kg3 Qe5+ 72. Kf2 h2
73. Kg2 Bh3+ 74. Kh1 Qe4+ 75. Kxh2 Qg2# 0-1

[Event "CE Selecciones Autonómicas U14"]
[Site "Padrón"]
[Date "2017.06.22"]
[Round "1.1"]
[White "Quispe Arteaga, Gabriel"]
[Black "Escartin Lacasa, Jose"]
[Result "1-0"]
[WhiteElo "2294"]
[BlackElo "1928"]
[PlyCount "107"]
[EventDate "2017.06.22"]
[EventType ""]
[EventRounds "6"]
[EventCountry "ESP"]
[WhiteTeam "Madrid (U14)"]
[BlackTeam "Aragon (U14)"]
[WhiteTeamCountry "ESP"]
[BlackTeamCountry "ESP"]

1. d4 d5 2. c4 c6 3. e3 Nf6 4. Nf3 e6 5. Bd3 Bd6 6. O-O O-O 7. b3 Nbd7 8. Bb2
b6 9. Nbd2 Qc7 10. Rc1 Bb7 11. Qe2 e5 12. cxd5 Nxd5 13. Nc4 exd4 14. Nxd6 Qxd6
15. Nxd4 Nb4 16. Bc4 Qg6 17. a3 c5 18. Nf3 Nc6 19. Bd3 f5 20. Rfd1 Nce5 21.
Bc4+ Kh8 22. Bd5 Bxd5 23. Rxd5 Nxf3+ 24. Qxf3 Qe6 25. Rcd1 Nf6 26. Rxf5 Qxb3
27. Rxf6 gxf6 28. Bxf6+ Rxf6 29. Qxf6+ Kg8 30. Qg5+ Kh8 31. Qe5+ Kg8 32. Qd5+
Qxd5 33. Rxd5 Rc8 34. Kf1 b5 35. Ke1 a5 36. Kd2 Rc7 37. Kc3 Kf7 38. e4 Ke6 39.
f4 b4+ 40. Kb2 a4 41. g4 b3 42. h4 c4 43. Kc3 h6 44. f5+ Kf6 45. e5+ Ke7 46. g5
hxg5 47. hxg5 Kf7 48. g6+ Kg7 49. e6 Kf6 50. Rd7 Rc8 51. Rf7+ Ke5 52. g7 Rd8
53. e7 Rd3+ 54. Kxc4 1-0

[Event "CE Selecciones Autonómicas U14"]
[Site "Padrón"]
[Date "2017.06.22"]
[Round "1.2"]
[White "Buisac Anadon, Pablo"]
[Black "Guillo Longares, Cecilia"]
[Result "1/2-1/2"]
[WhiteElo "1679"]
[BlackElo "2017"]
[PlyCount "90"]
[EventDate "2017.06.22"]
[EventType ""]
[EventRounds "6"]
[EventCountry "ESP"]
[WhiteTeam "Aragon (U14)"]
[BlackTeam "Madrid (U14)"]
[WhiteTeamCountry "ESP"]
[BlackTeamCountry "ESP"]

1. d4 Nf6 2. Bf4 g6 3. e3 Bg7 4. Nf3 c5 5. Nbd2 O-O 6. c3 b6 7. Be2 Bb7 8. h3
d6 9. O-O Nbd7 10. Re1 a6 11. a4 cxd4 12. exd4 Nd5 13. Bh2 Bh6 14. Nc4 Nf4 15.
Bf1 Rc8 16. Nfd2 Nf6 17. Bxf4 Bxf4 18. g3 Bh6 19. Bg2 Bxg2 20. Kxg2 Nd5 21. Qf3
e6 22. h4 b5 23. axb5 axb5 24. Ne3 Nxe3+ 25. fxe3 d5 26. Rac1 Ra8 27. h5 Ra2
28. Rb1 Qg5 29. Nb3 b4 30. Nc1 Ra4 31. cxb4 Rxb4 32. Nd3 Rb3 33. Nf4 Rfb8 34.
Qe2 Qf5 35. hxg6 Qe4+ 36. Kf2 hxg6 37. Rh1 Bxf4 38. gxf4 Rxb2 39. Rxb2 Rxb2 40.
Qxb2 Qxh1 41. Qb8+ Kh7 42. Qf8 Qh4+ 43. Kf3 Qh3+ 44. Kf2 Qf5 45. Ke2 Qc2+
1/2-1/2

[Event "CE Selecciones Autonómicas U14"]
[Site "Padrón"]
[Date "2017.06.22"]
[Round "1.3"]
[White "Ingunza Curro, Andres"]
[Black "Hususan, Melisa"]
[Result "1/2-1/2"]
[WhiteElo "1965"]
[BlackElo "1548"]
[PlyCount "103"]
[EventDate "2017.06.22"]
[EventType ""]
[EventRounds "6"]
[EventCountry "ESP"]
[WhiteTeam "Madrid (U14)"]
[BlackTeam "Aragon (U14)"]
[WhiteTeamCountry "ESP"]
[BlackTeamCountry "ESP"]

1. e4 c5 2. Nf3 d6 3. d4 cxd4 4. Nxd4 Nf6 5. f3 Nc6 6. c4 g6 7. Nc3 Bg7 8. Be3
Qb6 9. Na4 Qd8 10. Be2 O-O 11. O-O Bd7 12. Nxc6 bxc6 13. Qd2 Qc7 14. Rac1 Rfd8
15. Rfd1 Qb7 16. b3 Be6 17. Bf1 Rac8 18. Qf2 d5 19. exd5 cxd5 20. c5 Bd7 21.
Qe2 Bxa4 22. bxa4 Nd7 23. Qb5 Qa8 24. c6 Ne5 25. c7 Rd7 26. f4 Rcxc7 27. Rxc7
Rxc7 28. fxe5 e6 29. Bd4 Qc8 30. Rb1 Bf8 31. Qb3 Qd7 32. Bb5 Qe7 33. Qf3 Qh4
34. Qf2 Qe4 35. Rf1 h5 36. Be8 Kh7 37. Bxf7 Rc2 38. Bg8+ Kh8 39. Qf3 Qxd4+ 40.
Kh1 Bg7 41. Bxe6 Qxe5 42. Bxd5 Rd2 43. Bf7 Qg5 44. Qe4 Kh7 45. Qf3 Be5 46. Be6
a5 47. Rb1 Rb2 48. Rd1 Bg7 49. Rf1 Rd2 50. Qg3 Qe7 51. Qe1 Qd6 52. Bb3 1/2-1/2

[Event "CE Selecciones Autonómicas U14"]
[Site "Padrón"]
[Date "2017.06.22"]
[Round "1.4"]
[White "Polo Agustin, Lara"]
[Black "Zhou, Lulu"]
[Result "0-1"]
[WhiteElo "1452"]
[BlackElo "1964"]
[PlyCount "92"]
[EventDate "2017.06.22"]
[EventType ""]
[EventRounds "6"]
[EventCountry "ESP"]
[WhiteTeam "Aragon (U14)"]
[BlackTeam "Madrid (U14)"]
[WhiteTeamCountry "ESP"]
[BlackTeamCountry "ESP"]

1. e4 e5 2. Nf3 Nc6 3. Bc4 Bc5 4. c3 Nf6 5. d4 exd4 6. cxd4 Bb4+ 7. Nc3 Nxe4 8.
O-O Bxc3 9. bxc3 d5 10. Bd3 O-O 11. Qc2 f5 12. Re1 Ne7 13. Ba3 Re8 14. Ne5 Nd6
15. Rab1 Rf8 16. Qe2 f4 17. Rbd1 Bf5 18. Bxf5 Nexf5 19. Qf3 Ne7 20. Bc1 Ne4 21.
Rd3 Ng6 22. Qh5 Qh4 23. Qxh4 Nxh4 24. f3 Nd6 25. Nd7 Rf7 26. Nc5 b6 27. Ne6 Ng6
28. Ng5 Rf6 29. Ne6 Re8 30. Rf1 Rfxe6 31. Rd2 Re2 32. Rxe2 Rxe2 33. a4 Nc4 34.
h3 Kf7 35. Rd1 Ra2 36. Re1 Rxa4 37. Re2 Ra1 38. Re1 a5 39. Kh2 a4 40. Rg1 a3
41. Rh1 a2 42. Bb2 Rxh1+ 43. Kxh1 Nxb2 44. Kh2 a1=Q 45. h4 Qe1 46. Kh3 Qg3# 0-1

[Event "CE Selecciones Autonómicas U14"]
[Site "Padrón"]
[Date "2017.06.22"]
[Round "1.1"]
[White "Prado Lobo, Jonas"]
[Black "Fernandez Garcia, Gumersindo"]
[Result "1-0"]
[WhiteElo "2041"]
[BlackElo "1847"]
[PlyCount "62"]
[EventDate "2017.06.22"]
[EventType ""]
[EventRounds "6"]
[EventCountry "ESP"]
[WhiteTeam "Asturias (U14)"]
[BlackTeam "Castilla y Leon (U14)"]
[WhiteTeamCountry "ESP"]
[BlackTeamCountry "ESP"]

1. d4 d5 2. c4 c6 3. cxd5 cxd5 4. Bf4 Nc6 5. e3 Nf6 6. Bd3 Bg4 7. f3 Bd7 8. Nc3
e6 9. Nge2 Nh5 10. Bg3 Nxg3 11. hxg3 h6 12. Rc1 Rc8 13. Kf2 a6 14. Bb1 Be7 15.
Nf4 Na5 16. Qe2 Nc4 17. Bd3 b5 18. b3 Nb6 19. Qb2 Bc6 20. Bb1 Bd6 21. Nd3 Bb7
22. Ne2 Qe7 23. Rxc8+ Bxc8 24. Qc2 Qc7 25. Qd2 O-O 26. Rc1 Qe7 27. Ne5 Bd7 28.
Qa5 Rb8 29. Qxa6 f6 30. Nc6 Bxc6 31. Rxc6 Qd8 1-0

[Event "CE Selecciones Autonómicas U14"]
[Site "Padrón"]
[Date "2017.06.22"]
[Round "1.2"]
[White "Gutierrez Guillen, Alvaro Jose"]
[Black "Gonzalez Guedes, Iyan"]
[Result "0-1"]
[WhiteElo "1561"]
[BlackElo "1851"]
[PlyCount "88"]
[EventDate "2017.06.22"]
[EventType ""]
[EventRounds "6"]
[EventCountry "ESP"]
[WhiteTeam "Castilla y Leon (U14)"]
[BlackTeam "Asturias (U14)"]
[WhiteTeamCountry "ESP"]
[BlackTeamCountry "ESP"]

1. c4 Nf6 2. Nc3 g6 3. d4 Bg7 4. Nf3 O-O 5. Bg5 d6 6. e3 Nbd7 7. Be2 c6 8. O-O
e5 9. dxe5 dxe5 10. Qc2 Qc7 11. Rad1 Nc5 12. b4 Bf5 13. Qb2 Nce4 14. Bxf6 Bxf6
15. Nxe4 Bxe4 16. Nd2 Bf5 17. e4 Be6 18. c5 b5 19. f4 Bg7 20. f5 gxf5 21. exf5
Bd5 22. f6 Bh6 23. Nf3 Rae8 24. Qc3 Kh8 25. Nh4 Rg8 26. g3 e4 27. Nf5 e3 28.
Nd6 Rd8 29. Qe5 Rd7 30. Rf5 Be6 31. Rh5 Rg6 32. Bd3 e2 33. Re1 Rxd6 34. Qxd6
Qxd6 35. cxd6 Be3+ 36. Kg2 Rxf6 37. Bxh7 Rf2+ 38. Kh1 Rf1+ 39. Kg2 Rxe1 40.
Bf5+ Kg7 41. Bxe6 Rg1+ 42. Kh3 e1=Q 43. d7 Qf1+ 44. Kh4 Qf6+ 0-1

[Event "CE Selecciones Autonómicas U14"]
[Site "Padrón"]
[Date "2017.06.22"]
[Round "1.3"]
[White "Bermudez Revuelta, Paula"]
[Black "Morejon Ramirez, Laura"]
[Result "1-0"]
[WhiteElo "1712"]
[BlackElo "1458"]
[PlyCount "79"]
[EventDate "2017.06.22"]
[EventType ""]
[EventRounds "6"]
[EventCountry "ESP"]
[WhiteTeam "Asturias (U14)"]
[BlackTeam "Castilla y Leon (U14)"]
[WhiteTeamCountry "ESP"]
[BlackTeamCountry "ESP"]

1. e4 e5 2. Nf3 Nc6 3. Bb5 a6 4. Ba4 b5 5. Bb3 Bc5 6. O-O Nf6 7. Nxe5 Bxf2+ 8.
Rxf2 Nxe5 9. d4 Neg4 10. Rf1 d6 11. h3 Nh6 12. Bxh6 gxh6 13. Qf3 Rf8 14. Qxf6
Qxf6 15. Rxf6 Bb7 16. Nd2 O-O-O 17. Rxf7 Rxf7 18. Bxf7 Kb8 19. Rf1 Rf8 20. Bh5
Rxf1+ 21. Kxf1 Kc8 22. Bf7 Kd7 23. Bg8 Ke7 24. Bxh7 Kf6 25. Kf2 Bc8 26. Bg8 Kg7
27. Bd5 Bd7 28. c3 c6 29. Bb3 Kf6 30. Nf3 a5 31. e5+ dxe5 32. Nxe5 Be8 33. a4
Kf5 34. Ke3 Kg5 35. Nf3+ Kf5 36. g4+ Kf6 37. Kf4 Bd7 38. Ne5 Be8 39. h4 Kg7 40.
Kf5 1-0

[Event "CE Selecciones Autonómicas U14"]
[Site "Padrón"]
[Date "2017.06.22"]
[Round "1.4"]
[White "Punzon Avila, Iratxe"]
[Black "Joglar Garcia, Maria"]
[Result "0-1"]
[WhiteElo "1371"]
[BlackElo "1442"]
[PlyCount "136"]
[EventDate "2017.06.22"]
[EventType ""]
[EventRounds "6"]
[EventCountry "ESP"]
[WhiteTeam "Castilla y Leon (U14)"]
[BlackTeam "Asturias (U14)"]
[WhiteTeamCountry "ESP"]
[BlackTeamCountry "ESP"]

1. d4 d5 2. Nc3 e6 3. Nf3 Nf6 4. h3 Nbd7 5. Bf4 c6 6. e3 Bb4 7. Qd3 Ne4 8. a3
Qa5 9. Nd2 Bxc3 10. bxc3 Qxc3 11. Qxc3 Nxc3 12. Bd6 Nf6 13. Bd3 Bd7 14. O-O Rc8
15. Be5 Ke7 16. Bxf6+ Kxf6 17. a4 c5 18. dxc5 Nxa4 19. Nb3 a6 20. c6 Bxc6 21.
Na5 Nc5 22. Nxc6 Rxc6 23. Be2 b5 24. Rfb1 Na4 25. Bd3 Nc5 26. Be2 g6 27. Rc1
Rhc8 28. Ra3 b4 29. Ra2 g5 30. Rb1 Rb6 31. Rab2 a5 32. Ra1 a4 33. Bg4 Rcb8 34.
Rbb1 Ra8 35. c3 b3 36. Ra3 Rbb8 37. Be2 Ra5 38. c4 dxc4 39. Bxc4 Rb4 40. Be2
Ke5 41. Kf1 Ke4 42. Ke1 Nd3+ 43. Bxd3+ Kxd3 44. Kd1 Kc3 45. Kc1 Rd5 46. Rb2 Kd3
47. Rd2+ Kc4 48. Rxd5 Kxd5 49. Kb2 Kc4 50. Ra1 Kd3 51. Rd1+ Ke2 52. Rd7 a3+ 53.
Kxa3 b2 54. Kxb4 b1=Q+ 55. Kc3 Qc1+ 56. Kb3 Qc6 57. Rd4 Qxg2 58. Kc3 Qxh3 59.
Rd2+ Kf3 60. Rd3 Kxf2 61. Rd2+ Kf3 62. Rd3 Ke4 63. Rd4+ Ke5 64. Kd3 Qf1+ 65.
Kc3 Qa1+ 66. Kd3 Qxd4+ 67. exd4+ Kd5 68. Ke3 h5 0-1

[Event "CE Selecciones Autonómicas U14"]
[Site "Padrón"]
[Date "2017.06.22"]
[Round "1.1"]
[White "Aledo Yanguas, David"]
[Black "Amengual Perello, Jordi"]
[Result "1-0"]
[WhiteElo "2015"]
[BlackElo "1728"]
[PlyCount "85"]
[EventDate "2017.06.22"]
[EventType ""]
[EventRounds "6"]
[EventCountry "ESP"]
[WhiteTeam "Valencia (U14)"]
[BlackTeam "Baleares (U14)"]
[WhiteTeamCountry "ESP"]
[BlackTeamCountry "ESP"]

1. e4 e5 2. Nf3 Nf6 3. Nc3 Bb4 4. d3 d5 5. exd5 Nxd5 6. Bd2 Nc6 7. Nxd5 Bxd2+
8. Qxd2 Qxd5 9. Be2 O-O 10. O-O Bg4 11. h3 Bh5 12. Qg5 Bg6 13. Nh4 f6 14. Qg3
Ne7 15. Bf3 Qd6 16. Bxb7 Rab8 17. Nxg6 Nxg6 18. Qf3 Nf4 19. b3 c6 20. Qxc6 Qxc6
21. Bxc6 Rfc8 22. Be4 Rxc2 23. d4 Rd2 24. dxe5 fxe5 25. Bf5 Rbd8 26. g3 Ne2+
27. Kg2 Rb2 28. Rfb1 Rdd2 29. Rxb2 Rxb2 30. Bd3 Nc3 31. a4 e4 32. Bc4+ Kf8 33.
Re1 Ke7 34. Re3 Rc2 35. Bd3 Rb2 36. Bxe4 Nxe4 37. Rxe4+ Kf6 38. b4 Rb3 39. g4
g5 40. b5 h6 41. Rc4 Ra3 42. Rc6+ Ke5 43. Ra6 1-0

[Event "CE Selecciones Autonómicas U14"]
[Site "Padrón"]
[Date "2017.06.22"]
[Round "1.2"]
[White "Gomila Benejam, Doro"]
[Black "Carbonell Sancho, Marc"]
[Result "0-1"]
[WhiteElo "1664"]
[BlackElo "1921"]
[PlyCount "94"]
[EventDate "2017.06.22"]
[EventType ""]
[EventRounds "6"]
[EventCountry "ESP"]
[WhiteTeam "Baleares (U14)"]
[BlackTeam "Valencia (U14)"]
[WhiteTeamCountry "ESP"]
[BlackTeamCountry "ESP"]

1. e4 c5 2. Nf3 Nc6 3. d4 cxd4 4. Nxd4 g6 5. c4 Bg7 6. Nc2 Nf6 7. Nc3 O-O 8.
Be2 d6 9. O-O Be6 10. b3 Nd7 11. Bb2 Qa5 12. Qd2 Nc5 13. f3 Rfc8 14. Kh1 h5 15.
Rad1 Qd8 16. Ne3 a5 17. f4 Bd7 18. f5 Ne5 19. fxg6 fxg6 20. Ncd5 Be6 21. Nf4
Bf7 22. Bf3 Qd7 23. Nfd5 Ra6 24. Qe2 Rf8 25. Bd4 Ne6 26. Nb6 Nxd4 27. Nxd7 Nxe2
28. Nxf8 Nf4 29. Nxg6 Bxg6 30. Nd5 Nxd5 31. exd5 Rb6 32. Rfe1 Nxf3 33. gxf3 Bf6
34. Kg2 a4 35. Re3 axb3 36. axb3 Bc2 37. Rde1 Kf7 38. f4 Rxb3 39. R1e2 Rxe3 40.
Rxe3 Ke8 41. Re1 Bd3 42. Kf3 Bxc4 43. Ke4 b5 44. Rg1 Kd7 45. Rg8 b4 46. Ra8 b3
47. Ra4 b2 0-1

[Event "CE Selecciones Autonómicas U14"]
[Site "Padrón"]
[Date "2017.06.22"]
[Round "1.3"]
[White "Galvan Cipriani, Viviana"]
[Black "Cabello Ferrer, Raquel"]
[Result "1-0"]
[WhiteElo "1892"]
[BlackElo "1539"]
[PlyCount "85"]
[EventDate "2017.06.22"]
[EventType ""]
[EventRounds "6"]
[EventCountry "ESP"]
[WhiteTeam "Valencia (U14)"]
[BlackTeam "Baleares (U14)"]
[WhiteTeamCountry "ESP"]
[BlackTeamCountry "ESP"]

1. Nf3 Nc6 2. c4 e5 3. Nc3 Nf6 4. e4 d6 5. g3 Bg4 6. Bg2 Nd4 7. h3 Bxf3 8. Bxf3
c6 9. Bg2 g6 10. d3 Bg7 11. Be3 Ne6 12. O-O O-O 13. f4 Nh5 14. f5 Nc7 15. g4
Nf6 16. g5 Nh5 17. f6 Bh8 18. Bf3 Nf4 19. Bxf4 exf4 20. Bg4 Ne6 21. Bxe6 fxe6
22. Rxf4 Qb6+ 23. Rf2 Qe3 24. Qg4 Rae8 25. Raf1 Rf7 26. Kg2 h5 27. Qh4 Rd8 28.
Rf3 Qd4 29. R1f2 a6 30. Ne2 Qb6 31. Nf4 Kh7 32. Nxh5 Kg8 33. Nf4 Rh7 34. f7+
Rxf7 35. Nxg6 Rh7 36. Qg4 Re8 37. Nxh8 Rxh8 38. g6 Rh6 39. Rf8+ Rxf8 40. Qxe6+
Kg7 41. Rf7+ Kg8 42. Rh7+ Rf7 43. Qxf7# 1-0

[Event "CE Selecciones Autonómicas U14"]
[Site "Padrón"]
[Date "2017.06.22"]
[Round "1.4"]
[White "Antich Fernandez, Marta Isabel"]
[Black "Sanleon Pravisano, Nieves"]
[Result "0-1"]
[WhiteElo "1259"]
[BlackElo "1838"]
[PlyCount "112"]
[EventDate "2017.06.22"]
[EventType ""]
[EventRounds "6"]
[EventCountry "ESP"]
[WhiteTeam "Baleares (U14)"]
[BlackTeam "Valencia (U14)"]
[WhiteTeamCountry "ESP"]
[BlackTeamCountry "ESP"]

1. e4 c5 2. Nf3 d6 3. d4 cxd4 4. Qxd4 Bd7 5. Bc4 Nc6 6. Ng5 e6 7. Qe3 Nf6 8. f4
h6 9. Qh3 Nd4 10. Qd3 Nxc2+ 11. Qxc2 hxg5 12. fxg5 Ng4 13. h3 Rc8 14. Qb3 b5
15. O-O Qb6+ 16. Kh1 Rxc4 17. Nd2 Rc8 18. Qg3 Ne5 19. Nb3 Qb7 20. g6 Nxg6 21.
Bg5 Ne5 22. Rf4 Bc6 23. Na5 Qb6 24. Nxc6 Rxc6 25. Raf1 Rc7 26. R4f2 Qb7 27. Bf4
Qxe4 28. Qb3 Qd3 29. Qb4 Qc4 30. Qa5 Ng4 31. Rf3 e5 32. b3 Qc6 33. Qe1 Re7 34.
Qg3 Nf6 35. Rc3 Qb7 36. Qf3 Qxf3 37. Rfxf3 exf4 38. Rxf4 Nd5 39. Rc8+ Kd7 40.
Rxf8 Rxf8 41. Rg4 g6 42. Kh2 Re2 43. a4 a6 44. Rg5 Ne3 45. axb5 Rxg2+ 46. Rxg2
Nxg2 47. bxa6 Ra8 48. Kxg2 Rxa6 49. Kf3 d5 50. Kf4 Re6 51. b4 d4 52. h4 d3 53.
h5 gxh5 54. b5 d2 55. b6 d1=Q 56. Kf5 Qg4# 0-1

[Event "CE Selecciones Autonómicas U14"]
[Site "Padrón"]
[Date "2017.06.22"]
[Round "1.1"]
[White "Del Rio Perezagua, Mario"]
[Black "Shi, Yuhang"]
[Result "1-0"]
[WhiteElo "1610"]
[BlackElo "1730"]
[PlyCount "51"]
[EventDate "2017.06.22"]
[EventType ""]
[EventRounds "6"]
[EventCountry "ESP"]
[WhiteTeam "Castilla La Mancha (U14)"]
[BlackTeam "Canarias (U14)"]
[WhiteTeamCountry "ESP"]
[BlackTeamCountry "ESP"]

1. Nf3 Nf6 2. g3 g6 3. Bg2 Bg7 4. O-O O-O 5. d3 d5 6. Nbd2 c5 7. e4 Nc6 8. c3
e5 9. Re1 h6 10. Qe2 Be6 11. exd5 Nxd5 12. Nc4 f6 13. d4 b5 14. Ncd2 c4 15.
dxe5 fxe5 16. Ne4 Bf5 17. Rd1 Nce7 18. Nh4 Qc7 19. Nxf5 gxf5 20. Ng5 hxg5 21.
Rxd5 Rab8 22. Bxg5 Nxd5 23. Bxd5+ Kh8 24. Qh5+ Bh6 25. Qxh6+ Qh7 26. Bf6+ 1-0

[Event "CE Selecciones Autonómicas U14"]
[Site "Padrón"]
[Date "2017.06.22"]
[Round "1.2"]
[White "Guillermo Gonzalez, Alvaro"]
[Black "Bustos Bernardo, Diego"]
[Result "1-0"]
[WhiteElo "1659"]
[BlackElo "1591"]
[PlyCount "93"]
[EventDate "2017.06.22"]
[EventType ""]
[EventRounds "6"]
[EventCountry "ESP"]
[WhiteTeam "Canarias (U14)"]
[BlackTeam "Castilla La Mancha (U14)"]
[WhiteTeamCountry "ESP"]
[BlackTeamCountry "ESP"]

1. e4 c5 2. Nf3 d6 3. d4 cxd4 4. Nxd4 Nf6 5. Nc3 a6 6. Bg5 e6 7. f4 Be7 8. Qf3
h6 9. Bxf6 Bxf6 10. O-O-O Qc7 11. g4 Nd7 12. Bg2 Rb8 13. Rhe1 b5 14. Qe3 Bb7
15. Ndxb5 axb5 16. Nxb5 Qc6 17. Nxd6+ Kf8 18. Qa3 Be7 19. Bh1 e5 20. Qd3 Nc5
21. Qb5 Qxb5 22. Nxb5 Bh4 23. Rf1 exf4 24. Nd6 Ba6 25. c4 Bf6 26. b3 Ke7 27.
Rd5 Ne6 28. Nf5+ Kf8 29. e5 Be7 30. Rfd1 Ba3+ 31. Kc2 g6 32. Ra5 gxf5 33. gxf5
Bb4 34. Rxa6 Nc5 35. Ra7 Kg7 36. a3 Rbd8 37. Rxd8 Rxd8 38. axb4 Nd3 39. e6 Ne1+
40. Kb2 Rd2+ 41. Kc1 Rxh2 42. Rxf7+ Kg8 43. Be4 f3 44. f6 Rg2 45. Ra7 Rc2+ 46.
Bxc2 Nxc2 47. Kxc2 1-0

[Event "CE Selecciones Autonómicas U14"]
[Site "Padrón"]
[Date "2017.06.22"]
[Round "1.3"]
[White "Roldan Hernandez, Lucia"]
[Black "Perez Garcia, Jimena"]
[Result "1-0"]
[WhiteElo "1502"]
[BlackElo "1551"]
[PlyCount "77"]
[EventDate "2017.06.22"]
[EventType ""]
[EventRounds "6"]
[EventCountry "ESP"]
[WhiteTeam "Castilla La Mancha (U14)"]
[BlackTeam "Canarias (U14)"]
[WhiteTeamCountry "ESP"]
[BlackTeamCountry "ESP"]

1. e4 c5 2. Nf3 d6 3. d4 cxd4 4. Nxd4 Nf6 5. Nc3 a6 6. h3 e5 7. Nde2 Be7 8. g4
Be6 9. Ng3 Nc6 10. Bg2 g6 11. Be3 Qa5 12. a3 Rd8 13. O-O Qc7 14. Kh1 Na5 15. f4
Nc4 16. Bc1 b5 17. f5 Bd7 18. b3 Nxa3 19. Bxa3 Qxc3 20. Rf3 Qc6 21. Rf2 Qb6 22.
Qf3 Bc6 23. Raf1 gxf5 24. Qxf5 Rf8 25. Bc1 Bd7 26. Qf3 Be6 27. Bh6 Rg8 28. g5
Nd7 29. Nf5 Bxg5 30. Ng7+ Rxg7 31. Bxg7 Bf4 32. Qh5 Nf8 33. Bf3 Qd4 34. Re2 Ng6
35. Bf6 Rc8 36. Qxh7 Kd7 37. Bg4 Rc3 38. Qxf7+ Kc6 39. Qxe6 1-0

[Event "CE Selecciones Autonómicas U14"]
[Site "Padrón"]
[Date "2017.06.22"]
[Round "1.4"]
[White "Hernandez Guerra, Luna Yue"]
[Black "Periotto Miori, Caterina"]
[Result "1-0"]
[WhiteElo "1535"]
[BlackElo "1275"]
[PlyCount "55"]
[EventDate "2017.06.22"]
[EventType ""]
[EventRounds "6"]
[EventCountry "ESP"]
[WhiteTeam "Canarias (U14)"]
[BlackTeam "Castilla La Mancha (U14)"]
[WhiteTeamCountry "ESP"]
[BlackTeamCountry "ESP"]

1. e4 c5 2. Nf3 d6 3. d4 cxd4 4. Nxd4 Nf6 5. Nc3 a6 6. Be2 e5 7. Nb3 Be6 8. f4
Be7 9. O-O O-O 10. f5 Bxb3 11. axb3 Nbd7 12. Qe1 b5 13. Bf3 b4 14. Ne2 a5 15.
Qg3 Re8 16. Qh3 Qb6+ 17. Kh1 Qc6 18. c4 Nc5 19. Ng3 Nxb3 20. Nh5 Qxc4 21. Kg1
Nxa1 22. Qg3 Nxh5 23. Bxh5 Nb3 24. Bh6 Bf8 25. Bxg7 Qd4+ 26. Kh1 Rec8 27. Bf6+
Bg7 28. Qxg7# 1-0